|
|
|
|
| LEADER |
00753cam a2200217 7i4500 |
| 001 |
0000002290 |
| 005 |
20210105090000.0 |
| 020 |
|
|
|a 0844281697 (pbk.)
|
| 090 |
0 |
0 |
|a RC1210
|b .H45 1991
|
| 100 |
1 |
|
|a Heitzmann, William Ray
|
| 245 |
1 |
0 |
|a Opportunities in sports medicine careers
|c William Ray Heitzmann ; foreword by Gabe Mirkin.
|
| 260 |
|
|
|a Lincolnwood:
|b VGM Career Horizons,
|c 1992.
|
| 300 |
|
|
|a xii, 146 p.;
|c 21 cm.
|
| 490 |
0 |
|
|a VGM opportunities series
|
| 504 |
|
|
|a Includes bibliographical references
|
| 650 |
0 |
0 |
|a Sports medicine --
|x Vocational guidance
|
| 650 |
0 |
0 |
|a Sports medicine
|
| 650 |
0 |
0 |
|a Vocational guidance
|
| 700 |
1 |
|
|a Mirkin, Gabe
|
| 997 |
|
|
|a Health Sciences, Faculty
|
| 999 |
|
|
|a 0000011140
|b BOK
|c OPEN SHELF
|e 1st Floor, Shah Alam
|